Využití zobrazovacích metod v diagnostice portální hypertenze

Podrobná bibliografia
Hlavní autori: Eliáš, P. (Autor), Krajina, A. (Autor), Michl, A. (Autor), Žižka, J. (Autor), Chrobák, P. (Autor), Hůlek, Petr (Autor)
Médium: Článok
Jazyk:čeština
ISSN:1210-7824
Predmet:

MARC

LEADER 00000nab a2200000 a 4500
001 vtls000580447
003 SK-MaSNL
005 20260303180952.0
008 220422c1995 xo 0 cze
015 |a SNBRB19rr/mm-uuuuu 
035 |a CL0580585 
040 |a SNKBUCL  |b slo  |c SNKBUCL  |e AACR2 
041 0 |a cze 
044 |a xo  |c SK 
080 |a 616.149-008.341.1-073.756.8  |2 1981 
245 0 0 |a Využití zobrazovacích metod v diagnostice portální hypertenze  |c P. Eliáš ... [et al.] 
650 0 7 |a portálna hypertenzia  |2 snkbucl  |9 105460 
650 0 7 |a ultrasonografia dopplerovská  |2 snkbucl  |9 908032 
655 7 |a články z novín a časopisov  |2 snkbucl  |9 267496 
700 1 |a Eliáš, P.  |4 aut  |9 6904 
700 1 |a Krajina, A.  |4 aut  |9 792800 
700 1 |a Michl, A.  |4 aut  |9 1144316 
700 1 |a Žižka, J.  |4 aut  |9 431248 
700 1 |a Chrobák, P.  |4 aut  |9 1207592 
700 1 |a Hůlek, Petr  |4 aut  |9 7444 
773 0 |t Česká a slovenská gastroenterologie  |g Roč. 49, č. 3 (1995), s. 100  |x 1210-7824 
850 |a Slovenská národná knižnica v Martine  |a MTA001 
852 |a SNK  |b KIS3GCP 
958 |a RK 
958 |a ME 
992 |a RBX 
999 |c 2108210  |d 2110140